<?xml version="1.0" encoding="UTF-8"?>
<record
    xmlns:xsi="http://www.w3.org/2001/XMLSchema-instance"
    xsi:schemaLocation="http://www.loc.gov/MARC21/slim http://www.loc.gov/standards/marcxml/schema/MARC21slim.xsd"
    xmlns="http://www.loc.gov/MARC21/slim">

  <leader>02311cgm a2200325   4500</leader>
  <controlfield tag="001">3838</controlfield>
  <controlfield tag="005">20181127172105.0</controlfield>
  <controlfield tag="007">vd czaizu</controlfield>
  <controlfield tag="008">121004s2010    ii 127 g          vlhin</controlfield>
  <datafield tag="010" ind1=" " ind2=" ">
    <subfield code="a">  2012350249</subfield>
  </datafield>
  <datafield tag="041" ind1=" " ind2=" ">
    <subfield code="a">hin</subfield>
    <subfield code="j">eng</subfield>
  </datafield>
  <datafield tag="245" ind1="0" ind2="0">
    <subfield code="a">Guzaarish /</subfield>
    <subfield code="c">UTV Motion Pictures &amp; Sanjay Leela Bhansali Films present ; produced by Ronnie Screwvala, Sanjay Leela Bhansali ; directed by Sanjay Leela Bhansali.</subfield>
  </datafield>
  <datafield tag="246" ind1="1" ind2=" ">
    <subfield code="i">Title appears on item as:</subfield>
    <subfield code="a">Sanjay Leela Bhansali's Guzaarish</subfield>
  </datafield>
  <datafield tag="260" ind1=" " ind2=" ">
    <subfield code="a">Mumbai, India :</subfield>
    <subfield code="b">UTV Motion Pictures,</subfield>
    <subfield code="c">2010.</subfield>
  </datafield>
  <datafield tag="300" ind1=" " ind2=" ">
    <subfield code="a">1 videodisc (DVD) (ca. 127 min.) :</subfield>
    <subfield code="b">sd., col. ;</subfield>
    <subfield code="c">4 3/4 in.</subfield>
  </datafield>
  <datafield tag="500" ind1=" " ind2=" ">
    <subfield code="a">Copyright notice on disc label: Artwork/Design UTV Software Communications and Sanjay Leela Bhansali Films.</subfield>
  </datafield>
  <datafield tag="508" ind1=" " ind2=" ">
    <subfield code="a">Editor, Hemal Kothari ; director of photography, Sudeep Chatterjee ; lyricist, Turaz, Vibhu Puri ; music director, Sanjay Leela Bhansali ; screenplay, Bhavani Iyer, Sanjay Leela Bhansali.</subfield>
  </datafield>
  <datafield tag="511" ind1="1" ind2=" ">
    <subfield code="a">Hrithik Roshan, Aishwarya Rai Bachchan, Shernaz Patel, Aditya Roy Kapur.</subfield>
  </datafield>
  <datafield tag="520" ind1=" " ind2=" ">
    <subfield code="a">Ethan Mascarenhas, formerly the world's greatest magician, has been quadriplegic since a performance went wrong 14 years before. For the past 12 years Ethan's health has been relatively stable, largely due to the relentless dedication of his nurse, Mrs Sofia D'Souza. He lives and works at his home, spreading new magic to millions of people with his irrepressible wit and spirit through books he has written and his radio show. But now his internal organs are failing. To avoid permanent hospitalization and machine life-support, Ethan petitions a court to be legally allowed to die. Ethan's request - his 'guzaarish' - shocks everyone in his world, but especially threatens his relationship with Sofia, who is the core of his existence. Will Ethan's petition succeed? How will Sofia respond?</subfield>
  </datafield>
  <datafield tag="546" ind1=" " ind2=" ">
    <subfield code="a">In Hindi with English subtitles.</subfield>
  </datafield>
  <datafield tag="650" ind1=" " ind2="0">
    <subfield code="a">Magicians</subfield>
    <subfield code="v">Drama.</subfield>
  </datafield>
  <datafield tag="650" ind1=" " ind2="0">
    <subfield code="a">Man-woman relationships</subfield>
    <subfield code="v">Drama.</subfield>
  </datafield>
  <datafield tag="650" ind1=" " ind2="0">
    <subfield code="a">Quadriplegics</subfield>
    <subfield code="v">Drama.</subfield>
  </datafield>
  <datafield tag="650" ind1=" " ind2="0">
    <subfield code="a">Terminally ill</subfield>
    <subfield code="v">Drama.</subfield>
  </datafield>
  <datafield tag="650" ind1=" " ind2="0">
    <subfield code="a">Trials (Euthanasia)</subfield>
    <subfield code="v">Drama.</subfield>
  </datafield>
  <datafield tag="700" ind1="1" ind2=" ">
    <subfield code="a">Bhansali, Sanjay Leela,</subfield>
    <subfield code="e">direction,</subfield>
    <subfield code="e">production,</subfield>
    <subfield code="e">writing,</subfield>
    <subfield code="e">music.</subfield>
  </datafield>
  <datafield tag="700" ind1="1" ind2=" ">
    <subfield code="a">Screwvala, Ronnie,</subfield>
    <subfield code="d">1962-</subfield>
    <subfield code="e">production.</subfield>
  </datafield>
  <datafield tag="710" ind1="2" ind2=" ">
    <subfield code="a">SLB Films (Firm)</subfield>
  </datafield>
  <datafield tag="710" ind1="2" ind2=" ">
    <subfield code="a">UTV Motion Pictures (India)</subfield>
  </datafield>
  <datafield tag="999" ind1=" " ind2=" ">
    <subfield code="c">3141</subfield>
    <subfield code="d">3141</subfield>
  </datafield>
  <datafield tag="952" ind1=" " ind2=" ">
    <subfield code="0">0</subfield>
    <subfield code="1">0</subfield>
    <subfield code="4">0</subfield>
    <subfield code="7">0</subfield>
    <subfield code="8">DESK</subfield>
    <subfield code="a">RTCLIB</subfield>
    <subfield code="b">RTCLIB</subfield>
    <subfield code="c">DESK</subfield>
    <subfield code="h"> </subfield>
    <subfield code="l">0</subfield>
    <subfield code="o">DVD GUZDESK</subfield>
    <subfield code="p">30006406</subfield>
    <subfield code="r">2018-11-27 00:00:00</subfield>
    <subfield code="w">2018-11-27</subfield>
    <subfield code="y">DESK</subfield>
  </datafield>
</record>
